| 000 | 00480nam a2200097Ia 4500 | ||
|---|---|---|---|
| 008 | 180130s9999 xx 000 0 und d | ||
| 245 |
_cMadison, Michael C.; Cowell, Andrew J.; Butner, R. Scott; Fligg, Keith; Piatt, Andrew W.; McGrath, Liam R.; Ellis, Peter C. _aKnowledge encapsulation framework for technosocial predictive modeling |
||
| 260 | _c2016 | ||
| 300 | _aBook title: Computer and information security--Acession number C20546; pages 1 - 18 | ||
| 650 | _aINFORMATION SECURITY | ||
| 999 |
_c354106 _d354106 |
||